000 00353 a2200157 4500
001 15193
020 _a9788578411794
040 _cAnchieta - Aquarius
100 _aSilva, Célia Cris
240 1 0 _aOs olhos de toninho
_lpor
245 1 0 _aOs olhos de toninho
300 _a19
362 0 _a2009
650 4 _aLiteratura infanto-juvenil
942 _cBK
999 _c15193
_d15193